000 00783nam a22002297a 4500
005 20170124110243.0
010 _a754474
020 _c00.00
035 _a754474
037 _bCen Lib/Ret
040 _aDPL
_bEN
082 _a016.954
_bEAR
245 _aEarly writings on India :
_bedited by H.K. Kaul
_ca union catalogue of books on India in english langugae published upto 1900 and available in Delhi libraries /
260 _aNew Delhi
_bAnold -Heinemann Publishers
_c1975
270 _bNew Delhi
_aAB/9, Safdarjang Enclave
_e110016
300 _a324p.
_c26cm(Hb)
500 _aincludes index
650 _aIndia -- Bibliography -- Union lists
_996336
650 _aLiteratur
_996337
700 _aKaul, H.K.
_996338
942 _2ddc
_cEN
_h016.954
_mEAR
999 _c135343
_d135343